000 00770nam a2200241Ia 4500
003 OSt
005 20220925204806.0
006 a|||||r|||| 00| 0
007 ta
008 220923b |||||||| |||| 00| 0 eng d
020 _a9780670088249
_c699.00
037 _b2197, 06/12/2019, Dhanraj Book House
_cGeneral Book
040 _aRTL
_cRTL
_beng
041 _2eng
_aeng
082 _aV2,21y7N17, Q8
100 _aGYAN PRAKASH
245 0 _aEmergency chronicles
_b Indira Gandhi and democracy's turning point.
260 _aGurgaon
_bPenguin Random House
_c2018
300 _aviii,439p.
_ccm.
650 _aSociology
942 _hV2,21y7N17, Q8
_cGB
_2CC
999 _c550412
_d550412